LEADER 01097nam0-22003011i-450- 001 990001857010403321 005 20021010 035 $a000185701 035 $aFED01000185701 035 $a(Aleph)000185701FED01 035 $a000185701 100 $a20021010d--------km-y0itay50------ba 101 0 $aita 200 1 $a<>IX concorso ippico provinciale friulano in Portogruaro nell' ottobre 1881 e la Riunione della Commissione Ippica inRoma nel maggio e giugno 1881. 210 $aUdine$c...$d1881. 215 $a16 p.$d26 cm 300 $aEstr. da: Bullettino dell' Associazione Agraria Friulana, 4,1881 e 5,1882 610 0 $aCavalli 676 $a636.1 710 12$aCONCORSO IPPICO PROVINCIALE FRIULANO, 9., Portogruaro, 1881$0358289 801 0$aIT$bUNINA$gRICA$2UNIMARC 901 $aBK 912 $a990001857010403321 952 $a60 MISC. B 113/10$b$fFAGBC 959 $aFAGBC 996 $aIX concorso ippico provinciale friulano in Portogruaro nell' ottobre 1881 e la Riunione della Commissione Ippica inRoma nel maggio e giugno 1881$9414276 997 $aUNINA DB $aING01 LEADER 01191nam0-22003971i-450- 001 990005546550403321 005 20081119102430.0 020 $a88-7176-000-X 035 $a000554655 035 $aFED01000554655 035 $a(Aleph)000554655FED01 035 $a000554655 100 $a19990604d1980----km-y0itay50------ba 101 1 $aita$ceng 102 $aIT 105 $aa-------00--- 200 1 $aBernini e l'unità delle arti visive$fIrving Lavin 210 $aRoma$cEd. dell'Elefante$dc1980 215 $aXIV, 483 p.$cill.$d28 cm 300 $aTraduzione dall'inglese di Grazia Lanzillo 454 0$12001$aBernini and the unity of visual arts$932006 610 0 $aBernini, Gian Lorenzo$aConcezione dell'arte$aStudi 676 $a720.92$v21$zita 676 $a701.17$v21$zita 700 1$aLavin,$bIrving$f<1927- >$010912 801 0$aIT$bUNINA$gRICA$2UNIMARC 901 $aBK 912 $a990005546550403321 952 $a720.92 BER 2$bST.ARTE 14495$fFLFBC 952 $aMON B 137$b5545$fFARBC 952 $a12.138$b900$fDARST 959 $aFLFBC 959 $aFARBC 959 $aDARST 996 $aBernini and the unity of visual arts$932006 997 $aUNINA